[Event "SenorDM i hurtigskak"]
[Site "?"]
[Date "2014.08.28"]
[Round "3.4"]
[White "Moe, Mogens"]
[Black "Grabow, Poulsteen Holm"]
[Result "1-0"]
[LiveChessVersion "1.4.2"]
[BlackElo "2154"]
[WhiteElo "2154"]

1. e4 {[%clk 0:20:07]} e6 {[%clk 0:20:09]} 2. d4 {[%clk 0:20:07]} d5
{[%clk 0:20:12]} 3. Nc3 {[%clk 0:20:06]} Nf6 {[%clk 0:20:16]} 4. Bg5
{[%clk 0:20:04]} Be7 {[%clk 0:20:19]} 5. e5 {[%clk 0:19:58]} Nfd7
{[%clk 0:20:22]} 6. h4 {[%clk 0:19:53]} Nc6 {[%clk 0:20:24]} 7. Nf3
{[%clk 0:19:50]} a6 {[%clk 0:20:09]} 8. Qd2 {[%clk 0:19:08]} h6 {[%clk 0:20:03]}
9. Bxe7 {[%clk 0:18:35]} Qxe7 {[%clk 0:19:59]} 10. O-O-O {[%clk 0:18:28]} b5
{[%clk 0:20:01]} 11. g4 {[%clk 0:17:34]} Nb6 {[%clk 0:19:58]} 12. Bd3
{[%clk 0:17:23]} Nc4 {[%clk 0:19:44]} 13. Bxc4 {[%clk 0:17:17]} bxc4
{[%clk 0:19:46]} 14. a3 {[%clk 0:17:13]} Bd7 {[%clk 0:18:39]} 15. h5
{[%clk 0:17:05]} Na7 {[%clk 0:16:20]} 16. Ne2 {[%clk 0:16:11]} c5
{[%clk 0:15:33]} 17. Rdg1 {[%clk 0:12:16]} Nb5 {[%clk 0:15:11]} 18. g5
{[%clk 0:12:19]} cxd4 {[%clk 0:15:13]} 19. Nfxd4 {[%clk 0:12:19]} Rb8
{[%clk 0:13:44]} 20. Nxb5 {[%clk 0:12:03]} Rxb5 {[%clk 0:12:13]} 21. Nd4
{[%clk 0:12:04]} c3 {[%clk 0:11:26]} 22. Qxc3 {[%clk 0:11:55]} Rc5
{[%clk 0:11:23]} 23. Qb4 {[%clk 0:11:44]} a5 {[%clk 0:11:05]} 24. Qb8+
{[%clk 0:11:44]} Rc8 {[%clk 0:11:08]} 25. Qd6 {[%clk 0:11:39]} Qxd6
{[%clk 0:09:23]} 26. exd6 {[%clk 0:11:42]} Rb8 {[%clk 0:09:27]} 27. gxh6
{[%clk 0:10:27]} gxh6 {[%clk 0:09:31]} 28. Rg3 {[%clk 0:10:26]} Rb6
{[%clk 0:09:33]} 29. Rb3 {[%clk 0:10:25]} Rxb3 {[%clk 0:09:21]} 30. Nxb3
{[%clk 0:10:29]} a4 {[%clk 0:08:57]} 31. Nc5 {[%clk 0:10:31]} Rg8
{[%clk 0:09:01]} 32. Rh4 {[%clk 0:10:31]} Rg5 {[%clk 0:08:57]} 33. Nxa4
{[%clk 0:10:23]} Bxa4 {[%clk 0:08:57]} 34. Rxa4 {[%clk 0:10:26]} Kd7
{[%clk 0:08:33]} 35. Ra7+ {[%clk 0:10:27]} Kxd6 {[%clk 0:08:36]} 36. Rxf7
{[%clk 0:10:30]} Rxh5 {[%clk 0:08:39]} 37. b4 {[%clk 0:10:21]} e5
{[%clk 0:07:33]} 38. a4 {[%clk 0:10:21]} e4 {[%clk 0:07:35]} 39. a5
{[%clk 0:10:21]} d4 {[%clk 0:07:35]} 40. Kd2 {[%clk 0:10:18]} Rb5
{[%clk 0:06:37]} 41. c3 {[%clk 0:10:21]} h5 {[%clk 0:06:13]} 42. a6
{[%clk 0:10:21]} Rb8 {[%clk 0:06:15]} 43. Rh7 {[%clk 0:09:53]} dxc3+
{[%clk 0:05:56]} 44. Kxc3 {[%clk 0:09:55]} Rf8 {[%clk 0:06:00]} 45. Rxh5
{[%clk 0:09:22]} Rxf2 {[%clk 0:06:03]} 46. Kd4 {[%clk 0:09:15]} Ra2
{[%clk 0:05:02]} 47. Kxe4 {[%clk 0:09:14]} Ra4 {[%clk 0:05:06]} 48. Rb5
{[%clk 0:08:59]} Kc6 {[%clk 0:05:09]} 49. Rb7 {[%clk 0:09:01]} Kd6
{[%clk 0:04:35]} 50. Kd4 {[%clk 0:08:46]} Rxa6 {[%clk 0:04:38]} 51. Rh7
{[%clk 0:08:42]} Ra4 {[%clk 0:04:23]} 52. Rh6+ {[%clk 0:08:44]} Kc7
{[%clk 0:04:27]} 53. Kc5 {[%clk 0:08:48]} Ra1 {[%clk 0:04:26]} 54. Rh7+
{[%clk 0:08:49]} Kc8 {[%clk 0:04:28]} 55. Kb6 {[%clk 0:08:44]} Rg1
{[%clk 0:04:13]} 56. Rh8+ {[%clk 0:08:39]} Kd7 {[%clk 0:04:17]} 57. b5
{[%clk 0:08:39]} Ra1 {[%clk 0:03:53]} 58. Kb7 {[%clk 0:08:35]} Ra2
{[%clk 0:03:56]} 59. b6 {[%clk 0:08:34]} Ra1 {[%clk 0:03:59]} 60. Rh7+
{[%clk 0:08:01]} Kd8 {[%clk 0:04:02]} 61. Kb8 {[%clk 0:08:03]} Rb1
{[%clk 0:04:01]} 62. b7 {[%clk 0:08:06]} Ra1 {[%clk 0:04:05]} 63. Rh8+
{[%clk 0:07:54]} Kd7 {[%clk 0:04:08]} 64. Rc8 {[%clk 0:07:56]} Rh1
{[%clk 0:03:38]} 65. Rc4 {[%clk 0:07:22]} Rd1 {[%clk 0:03:14]} 66. Ra4
{[%clk 0:06:14]} Rb1 {[%clk 0:02:03]} 67. Ka8 {[%clk 0:06:06]} 1-0

[Event "SenorDM i hurtigskak"]
[Site "?"]
[Date "2014.08.28"]
[Round "4.1"]
[White "Nielsen, Jens Ove Fries"]
[Black "Jakobsen, Niels Nybo"]
[Result "1-0"]
[LiveChessVersion "1.4.2"]
[BlackElo "2071"]
[WhiteElo "2418"]

1. e4 {[%clk 0:19:51]} c5 {[%clk 0:20:04]} 2. Na3 {[%clk 0:19:52]} Nc6
{[%clk 0:19:41]} 3. Bb5 {[%clk 0:19:46]} e6 {[%clk 0:17:55]} 4. Nf3
{[%clk 0:19:14]} d6 {[%clk 0:17:36]} 5. O-O {[%clk 0:18:16]} Bd7 {[%clk 0:16:38]}
6. d4 {[%clk 0:17:25]} cxd4 {[%clk 0:16:15]} 7. Nxd4 {[%clk 0:16:56]} Be7
{[%clk 0:16:02]} 8. Nxc6 {[%clk 0:16:06]} bxc6 {[%clk 0:15:48]} 9. Bd3
{[%clk 0:15:53]} Nf6 {[%clk 0:14:14]} 10. c4 {[%clk 0:15:46]} O-O
{[%clk 0:14:04]} 11. Nc2 {[%clk 0:15:35]} d5 {[%clk 0:13:48]} 12. e5
{[%clk 0:15:32]} Ne8 {[%clk 0:13:51]} 13. Qh5 {[%clk 0:14:46]} g6
{[%clk 0:13:47]} 14. Qe2 {[%clk 0:14:43]} Ng7 {[%clk 0:13:43]} 15. Bh6
{[%clk 0:14:31]} f5 {[%clk 0:13:31]} 16. exf6 {[%clk 0:14:09]} Bxf6
{[%clk 0:13:32]} 17. Ne3 {[%clk 0:14:03]} Rb8 {[%clk 0:13:13]} 18. Rab1
{[%clk 0:14:07]} Qe7 {[%clk 0:10:33]} 19. b3 {[%clk 0:13:49]} Rbe8
{[%clk 0:10:20]} 20. Rbd1 {[%clk 0:13:35]} Bg5 {[%clk 0:09:59]} 21. Bxg5
{[%clk 0:13:15]} Qxg5 {[%clk 0:10:02]} 22. Rfe1 {[%clk 0:13:03]} Nh5
{[%clk 0:09:35]} 23. Qg4 {[%clk 0:12:44]} Qf6 {[%clk 0:08:57]} 24. cxd5
{[%clk 0:09:10]} Qxf2+ {[%clk 0:06:46]} 25. Kh1 {[%clk 0:09:14]} Rf4
{[%clk 0:06:50]} 26. dxe6 {[%clk 0:07:24]} Bc8 {[%clk 0:06:21]} 27. Qe2
{[%clk 0:06:29]} Qh4 {[%clk 0:04:38]} 28. Kg1 {[%clk 0:06:31]} Rf6
{[%clk 0:03:40]} 29. Bc4 {[%clk 0:05:57]} Kg7 {[%clk 0:03:44]} 30. Ng4
{[%clk 0:05:43]} Nf4 {[%clk 0:03:01]} 31. Qf3 {[%clk 0:05:52]} Rfxe6
{[%clk 0:02:23]} 32. Bxe6 {[%clk 0:05:49]} Rxe6 {[%clk 0:02:04]} 33. Rxe6
{[%clk 0:05:43]} Nxe6 {[%clk 0:01:57]} 34. Rf1 {[%clk 0:05:36]} Qf2+ 1-0

[Event "SenorDM i hurtigskak"]
[Site "?"]
[Date "2014.08.28"]
[Round "4.2"]
[White "Pedersen, Lars Wilton"]
[Black "Stentebjerg-Hansen, Per"]
[Result "1/2-1/2"]
[LiveChessVersion "1.4.2"]
[BlackElo "2195"]
[WhiteElo "2065"]

1. Nf3 d5 2. d4 Nf6 3. c4 c6 4. Nc3 a6 5. c5 Bf5 6. Bf4 Nbd7 7. e3 Nh5 8. Bd3
Bxd3 9. Qxd3 e6 10. O-O Be7 11. b4 O-O 12. h3 Nxf4 13. exf4 Qc7 14. g3 a5 15. b5
b6 16. Rfc1 bxc5 17. dxc5 Nxc5 18. Qd4 Rfc8 19. bxc6 Qxc6 20. Ne5 Qa6 21. Rab1
Rab8 22. Rxb8 Rxb8 23. a4 h6 24. Nb5 Rc8 25. f5 Nb3 26. Rxc8+ Qxc8 27. Qa7 Qc1+
28. Kg2 Nd2 29. Qe3 Bc5 30. Qe2 exf5 31. Nd3 Qc4 32. Qxd2 Qxa4 33. Nxc5 Qxb5 34.
Qxd5 a4 35. Qxf5 a3 36. Qc8+ Kh7 37. Qf5+ Kg8 38. Qc8+ Kh7 39. Qf5+ Kg8 40. Qc2
a2 41. Nb3 1/2-1/2

[Event "SenorDM i hurtigskak"]
[Site "?"]
[Date "2014.08.28"]
[Round "4.3"]
[White "Sørensen, Bent"]
[Black "Moe, Mogens"]
[Result "0-1"]
[LiveChessVersion "1.4.2"]
[BlackElo "2154"]
[WhiteElo "2237"]

1. Nf3 {[%clk 0:20:05]} c5 {[%clk 0:20:05]} 2. c4 {[%clk 0:20:05]} Nc6
{[%clk 0:20:05]} 3. Nc3 {[%clk 0:20:05]} g6 {[%clk 0:20:05]} 4. e3
{[%clk 0:20:05]} Nf6 {[%clk 0:20:05]} 5. d4 {[%clk 0:20:05]} cxd4
{[%clk 0:20:05]} 6. exd4 {[%clk 0:20:05]} d5 {[%clk 0:20:05]} 7. Bg5
{[%clk 0:20:05]} dxc4 {[%clk 0:20:05]} 8. Bxc4 {[%clk 0:20:05]} Bg7
{[%clk 0:20:05]} 9. O-O {[%clk 0:18:21]} O-O {[%clk 0:19:58]} 10. h3
{[%clk 0:17:54]} Na5 {[%clk 0:19:39]} 11. Be2 {[%clk 0:17:31]} Be6
{[%clk 0:19:25]} 12. Qa4 {[%clk 0:17:15]} a6 {[%clk 0:19:05]} 13. Rfd1
{[%clk 0:15:57]} b5 {[%clk 0:18:58]} 14. Qb4 {[%clk 0:15:13]} Bc4
{[%clk 0:18:27]} 15. Bxc4 {[%clk 0:14:46]} Nxc4 {[%clk 0:18:21]} 16. Ne5
{[%clk 0:13:58]} Qd6 {[%clk 0:17:37]} 17. Qxd6 {[%clk 0:13:26]} Nxd6
{[%clk 0:17:32]} 18. Nc6 {[%clk 0:12:25]} Rfe8 {[%clk 0:17:15]} 19. d5
{[%clk 0:12:10]} h6 {[%clk 0:16:12]} 20. Bf4 {[%clk 0:12:14]} Nc4
{[%clk 0:13:54]} 21. b3 {[%clk 0:11:03]} Nh5 {[%clk 0:13:41]} 22. bxc4
{[%clk 0:08:31]} Nxf4 {[%clk 0:13:38]} 23. Nd4 {[%clk 0:08:33]} bxc4
{[%clk 0:13:21]} 24. g3 {[%clk 0:08:24]} Nd3 {[%clk 0:13:00]} 25. Nde2
{[%clk 0:08:10]} Rab8 {[%clk 0:11:22]} 26. Rab1 {[%clk 0:08:14]} Kf8
{[%clk 0:11:16]} 27. Na4 {[%clk 0:07:57]} Rb5 {[%clk 0:09:57]} 28. Nb6
{[%clk 0:07:52]} Nb2 {[%clk 0:09:29]} 29. Nd7+ {[%clk 0:06:55]} Kg8
{[%clk 0:09:32]} 30. Rd2 {[%clk 0:06:49]} c3 {[%clk 0:09:31]} 31. Rc2
{[%clk 0:06:48]} Na4 {[%clk 0:06:50]} 32. Rxb5 {[%clk 0:05:03]} axb5
{[%clk 0:06:53]} 33. Nc5 {[%clk 0:03:20]} Nxc5 {[%clk 0:06:38]} 34. Nxc3
{[%clk 0:03:25]} Bxc3 {[%clk 0:06:08]} 35. Rxc3 {[%clk 0:03:29]} Ne4
{[%clk 0:06:05]} 0-1

[Event "SenorDM i hurtigskak"]
[Site "?"]
[Date "2014.08.28"]
[Round "4.4"]
[White "Pedersen, Hans Dahl"]
[Black "Sloth, Jørn"]
[Result "0-1"]
[LiveChessVersion "1.4.2"]
[BlackElo "2306"]
[WhiteElo "2148"]

1. c4 {[%clk 0:20:06]} e6 {[%clk 0:19:21]} 2. g3 {[%clk 0:20:04]} d5
{[%clk 0:18:25]} 3. Bg2 {[%clk 0:19:54]} d4 {[%clk 0:18:01]} 4. Nf3
{[%clk 0:19:15]} Nc6 {[%clk 0:17:37]} 5. O-O {[%clk 0:17:34]} Nh6
{[%clk 0:16:09]} 6. e4 {[%clk 0:14:58]} d3 {[%clk 0:13:11]} 7. b3
{[%clk 0:13:40]} Bc5 {[%clk 0:12:55]} 8. Bb2 {[%clk 0:11:31]} O-O
{[%clk 0:12:49]} 9. Nc3 {[%clk 0:11:12]} e5 {[%clk 0:12:04]} 10. Na4
{[%clk 0:10:41]} Bd4 {[%clk 0:09:50]} 11. Nxd4 {[%clk 0:10:08]} Nxd4
{[%clk 0:09:38]} 12. Bxd4 {[%clk 0:09:06]} Qxd4 {[%clk 0:09:32]} 13. Qf3
{[%clk 0:07:54]} Bg4 {[%clk 0:08:22]} 14. Qe3 {[%clk 0:07:55]} Rad8
{[%clk 0:08:14]} 15. Qxd4 {[%clk 0:07:38]} Rxd4 {[%clk 0:08:12]} 16. f3
{[%clk 0:07:40]} Bd7 {[%clk 0:07:24]} 17. Nc3 {[%clk 0:07:22]} f6
{[%clk 0:05:25]} 18. Rfe1 {[%clk 0:06:36]} a6 {[%clk 0:05:01]} 19. Re3
{[%clk 0:06:20]} Rd8 {[%clk 0:04:37]} 20. Bf1 {[%clk 0:06:07]} Be6
{[%clk 0:03:44]} 21. Nd1 {[%clk 0:05:21]} c5 {[%clk 0:02:37]} 22. Rc1
{[%clk 0:05:15]} Nf7 {[%clk 0:02:32]} 23. Rc3 {[%clk 0:05:04]} Nd6
{[%clk 0:02:04]} 24. Rexd3 {[%clk 0:04:39]} b5 {[%clk 0:01:28]} 25. cxb5
{[%clk 0:03:08]} Nxb5 {[%clk 0:01:27]} 26. Rxd4 {[%clk 0:03:08]} Rxd4
{[%clk 0:01:11]} 27. Bxb5 {[%clk 0:02:33]} axb5 {[%clk 0:00:49]} 28. Rxc5
{[%clk 0:02:20]} Rxd2 {[%clk 0:00:51]} 29. Nf2 {[%clk 0:02:15]} b4
{[%clk 0:00:48]} 30. Rb5 {[%clk 0:01:55]} Rxa2 {[%clk 0:00:50]} 31. Rxb4
{[%clk 0:01:57]} Rb2 {[%clk 0:00:43]} 32. Nd3 {[%clk 0:01:49]} Rxb3
{[%clk 0:00:34]} 33. Rxb3 {[%clk 0:01:48]} Bxb3 {[%clk 0:00:38]} 34. Kf2
{[%clk 0:01:50]} Kf7 {[%clk 0:00:40]} 35. Ke3 {[%clk 0:01:51]} Bc4
{[%clk 0:00:34]} 36. Nb2 {[%clk 0:01:45]} Bf1 {[%clk 0:00:35]} 37. f4
{[%clk 0:01:37]} Ke6 {[%clk 0:00:31]} 38. Na4 {[%clk 0:01:35]} exf4+
{[%clk 0:00:23]} 39. gxf4 {[%clk 0:01:37]} g5 {[%clk 0:00:23]} 40. Nc3
{[%clk 0:00:55]} Bc4 {[%clk 0:00:21]} 41. Nd1 {[%clk 0:00:43]} h5
{[%clk 0:00:17]} 42. Nf2 {[%clk 0:00:41]} Bf1 {[%clk 0:00:16]} 43. Nd1
{[%clk 0:00:06]} h4 {[%clk 0:00:11]} 44. Nf2 {[%clk 0:00:09]} Bc4
{[%clk 0:00:06]} 45. Kf3 {[%clk 0:00:09]} Bb3 {[%clk 0:00:09]} 46. Kg4
{[%clk 0:00:00]} Bc2 {[%clk 0:00:09]} 47. fxg5 {[%clk 0:00:00]} fxg5
{[%clk 0:00:09]} 48. Kxg5 {[%clk 0:00:00]} 0-1

[Event "SenorDM i hurtigskak"]
[Site "?"]
[Date "2014.08.29"]
[Round "5.1"]
[White "Stentebjerg-Hansen, Per"]
[Black "Nielsen, Jens Ove Fries"]
[Result "0-1"]
[LiveChessVersion "1.4.2"]
[BlackElo "2418"]
[WhiteElo "2195"]

1. d4 {[%clk 0:20:08]} b6 {[%clk 0:19:51]} 2. Nc3 {[%clk 0:19:50]} Ba6
{[%clk 0:19:22]} 3. g3 {[%clk 0:19:45]} d5 {[%clk 0:19:18]} 4. Bg2
{[%clk 0:19:43]} Nf6 {[%clk 0:19:12]} 5. e4 {[%clk 0:19:40]} e6 {[%clk 0:18:22]}
6. Bg5 {[%clk 0:18:38]} c6 {[%clk 0:18:05]} 7. exd5 {[%clk 0:14:01]} cxd5
{[%clk 0:18:01]} 8. Qf3 {[%clk 0:12:21]} Nc6 {[%clk 0:17:44]} 9. Nge2
{[%clk 0:12:02]} Be7 {[%clk 0:17:30]} 10. O-O {[%clk 0:11:29]} O-O
{[%clk 0:17:33]} 11. h4 {[%clk 0:09:57]} Rc8 {[%clk 0:17:35]} 12. h5
{[%clk 0:08:57]} h6 {[%clk 0:17:32]} 13. Bf4 {[%clk 0:08:29]} Ne8
{[%clk 0:17:11]} 14. Nd1 {[%clk 0:06:32]} Bxe2 {[%clk 0:17:04]} 15. Qxe2
{[%clk 0:06:28]} Nxd4 {[%clk 0:17:07]} 16. Qd2 {[%clk 0:06:25]} Nxc2
{[%clk 0:16:39]} 17. Rc1 {[%clk 0:06:27]} Nb4 {[%clk 0:16:31]} 18. Nc3
{[%clk 0:06:01]} Nf6 {[%clk 0:16:19]} 19. Rfd1 {[%clk 0:05:56]} Nxh5
{[%clk 0:16:15]} 20. Bxh6 {[%clk 0:05:30]} gxh6 {[%clk 0:16:08]} 21. Qxh6
{[%clk 0:05:33]} Ng7 {[%clk 0:15:43]} 22. a3 {[%clk 0:02:56]} Bg5
{[%clk 0:15:41]} 23. Qh3 {[%clk 0:02:55]} Bxc1 {[%clk 0:15:44]} 24. axb4
{[%clk 0:02:58]} Bxb2 {[%clk 0:15:42]} 25. Be4 {[%clk 0:01:54]} dxe4
{[%clk 0:15:10]} 26. Rxd8 {[%clk 0:01:56]} Rfxd8 {[%clk 0:15:14]} 27. Nxe4
{[%clk 0:01:58]} Rd5 {[%clk 0:15:12]} 28. Qh6 {[%clk 0:01:33]} a5
{[%clk 0:15:00]} 29. bxa5 {[%clk 0:01:33]} bxa5 {[%clk 0:15:04]} 30. Ng5
{[%clk 0:01:28]} Rxg5 {[%clk 0:15:03]} 31. Qxg5 {[%clk 0:01:33]} a4
{[%clk 0:15:01]} 0-1

[Event "SenorDM i hurtigskak"]
[Site "?"]
[Date "2014.08.29"]
[Round "5.2"]
[White "Rix, Søren"]
[Black "Jakobsen, Niels Nybo"]
[Result "1/2-1/2"]
[LiveChessVersion "1.4.2"]
[BlackElo "2071"]
[WhiteElo "2095"]

1. d4 {[%clk 0:20:06]} Nf6 {[%clk 0:20:01]} 2. Bg5 {[%clk 0:20:07]} g6
{[%clk 0:19:02]} 3. Bxf6 {[%clk 0:19:48]} exf6 {[%clk 0:19:05]} 4. Nf3
{[%clk 0:19:08]} f5 {[%clk 0:18:20]} 5. e3 {[%clk 0:18:58]} Bg7 {[%clk 0:17:31]}
6. Bd3 {[%clk 0:18:07]} O-O {[%clk 0:17:29]} 7. Nbd2 {[%clk 0:17:45]} b6
{[%clk 0:15:52]} 8. O-O {[%clk 0:16:46]} Bb7 {[%clk 0:15:20]} 9. Re1
{[%clk 0:15:22]} d6 {[%clk 0:14:45]} 10. c3 {[%clk 0:13:45]} Nd7 {[%clk 0:14:41]}
11. e4 {[%clk 0:13:48]} fxe4 {[%clk 0:14:08]} 12. Nxe4 {[%clk 0:13:41]} Re8
{[%clk 0:13:04]} 13. Qb3 {[%clk 0:13:23]} Nf8 {[%clk 0:12:36]} 14. Neg5
{[%clk 0:12:53]} Qd7 {[%clk 0:11:55]} 15. Bb5 {[%clk 0:09:30]} c6
{[%clk 0:11:55]} 16. Bc4 {[%clk 0:09:18]} d5 {[%clk 0:11:51]} 17. Bd3
{[%clk 0:09:18]} Qg4 {[%clk 0:09:25]} 18. Nh3 {[%clk 0:07:29]} Nd7
{[%clk 0:08:35]} 19. Qa3 {[%clk 0:06:40]} Bf8 {[%clk 0:08:26]} 20. Qa4
{[%clk 0:06:37]} a5 {[%clk 0:07:31]} 21. Qc2 {[%clk 0:06:01]} Bd6
{[%clk 0:06:30]} 22. Qd2 {[%clk 0:05:40]} f6 {[%clk 0:05:59]} 23. Rxe8+
{[%clk 0:05:33]} Rxe8 {[%clk 0:06:02]} 24. Re1 {[%clk 0:05:37]} Rxe1+
{[%clk 0:05:53]} 25. Qxe1 {[%clk 0:05:35]} Kf7 {[%clk 0:05:48]} 26. Kh1
{[%clk 0:05:31]} Nf8 {[%clk 0:05:42]} 27. Qe2 {[%clk 0:05:20]} Bc8
{[%clk 0:05:32]} 28. Nfg1 {[%clk 0:04:31]} Qh4 {[%clk 0:05:00]} 29. f3
{[%clk 0:03:39]} g5 {[%clk 0:04:28]} 30. g3 {[%clk 0:03:23]} Qh5 {[%clk 0:03:56]}
31. g4 {[%clk 0:02:56]} Qh4 {[%clk 0:03:31]} 32. Qf2 {[%clk 0:02:55]} Qxf2
{[%clk 0:03:25]} 33. Nxf2 {[%clk 0:02:59]} h6 {[%clk 0:02:56]} 34. Kg2
{[%clk 0:02:54]} Ne6 {[%clk 0:02:57]} 35. Ne2 {[%clk 0:02:52]} Nf4+
{[%clk 0:02:52]} 36. Nxf4 {[%clk 0:02:47]} Bxf4 {[%clk 0:02:56]} 37. Nd1
{[%clk 0:02:37]} Ke7 {[%clk 0:02:40]} 38. h3 {[%clk 0:02:39]} Kd6
{[%clk 0:02:44]} 39. Kf2 {[%clk 0:02:42]} c5 {[%clk 0:02:45]} 40. Ne3
{[%clk 0:02:36]} c4 {[%clk 0:02:24]} 41. Bc2 {[%clk 0:02:35]} b5 {[%clk 0:02:22]}
42. Ke2 {[%clk 0:02:32]} b4 {[%clk 0:02:20]} 43. a3 {[%clk 0:01:38]} b3
{[%clk 0:02:06]} 44. Bb1 {[%clk 0:01:36]} Bd7 {[%clk 0:01:57]} 45. Bg6
{[%clk 0:01:39]} Be6 {[%clk 0:01:51]} 1/2-1/2

[Event "SenorDM i hurtigskak"]
[Site "?"]
[Date "2014.08.29"]
[Round "5.3"]
[White "Sloth, Jørn"]
[Black "Moe, Mogens"]
[Result "1-0"]
[LiveChessVersion "1.4.2"]
[BlackElo "2154"]
[WhiteElo "2306"]

1. c4 {[%clk 0:19:48]} e5 {[%clk 0:19:57]} 2. Nc3 {[%clk 0:19:36]} Nc6
{[%clk 0:19:58]} 3. Nf3 {[%clk 0:19:16]} Nf6 {[%clk 0:19:52]} 4. d3
{[%clk 0:18:46]} Bb4 {[%clk 0:19:45]} 5. Bd2 {[%clk 0:18:24]} O-O
{[%clk 0:19:39]} 6. e3 {[%clk 0:16:43]} d6 {[%clk 0:19:14]} 7. Be2
{[%clk 0:15:57]} Be6 {[%clk 0:18:29]} 8. a3 {[%clk 0:15:20]} Bc5 {[%clk 0:14:58]}
9. b4 {[%clk 0:14:59]} Bb6 {[%clk 0:15:02]} 10. O-O {[%clk 0:14:40]} a5
{[%clk 0:14:52]} 11. Na4 {[%clk 0:13:08]} Nd7 {[%clk 0:12:15]} 12. Nxb6
{[%clk 0:12:22]} cxb6 {[%clk 0:11:34]} 13. Bc3 {[%clk 0:11:16]} h6
{[%clk 0:10:02]} 14. d4 {[%clk 0:10:22]} e4 {[%clk 0:08:58]} 15. Nd2
{[%clk 0:10:11]} d5 {[%clk 0:09:01]} 16. bxa5 {[%clk 0:06:18]} bxa5
{[%clk 0:08:56]} 17. Rb1 {[%clk 0:06:03]} b6 {[%clk 0:08:50]} 18. Qa4
{[%clk 0:05:25]} Rc8 {[%clk 0:08:42]} 19. Rfc1 {[%clk 0:04:26]} f5
{[%clk 0:07:45]} 20. Qb5 {[%clk 0:03:21]} Na7 {[%clk 0:07:24]} 21. Qa6
{[%clk 0:03:17]} Rc7 {[%clk 0:07:19]} 22. c5 {[%clk 0:03:10]} bxc5
{[%clk 0:06:41]} 23. Qxe6+ 1-0

[Event "SenorDM i hurtigskak"]
[Site "?"]
[Date "2014.08.29"]
[Round "5.4"]
[White "Quist, Viggo Bove"]
[Black "Hvenekilde, Jørgen"]
[Result "0-1"]
[LiveChessVersion "1.4.2"]
[BlackElo "2073"]
[WhiteElo "2148"]

1. Nf3 {[%clk 0:20:06]} d6 {[%clk 0:19:35]} 2. d4 {[%clk 0:19:17]} g6
{[%clk 0:19:35]} 3. e4 {[%clk 0:18:57]} Bg7 {[%clk 0:19:36]} 4. h3
{[%clk 0:18:53]} a6 {[%clk 0:19:12]} 5. Be3 {[%clk 0:18:35]} Nd7 {[%clk 0:18:00]}
6. c3 {[%clk 0:17:40]} b6 {[%clk 0:17:27]} 7. Nbd2 {[%clk 0:16:59]} e6
{[%clk 0:17:10]} 8. Bd3 {[%clk 0:15:41]} Bb7 {[%clk 0:16:47]} 9. O-O
{[%clk 0:15:39]} h6 {[%clk 0:15:53]} 10. Qc2 {[%clk 0:13:40]} Ne7
{[%clk 0:14:44]} 11. c4 {[%clk 0:13:20]} c5 {[%clk 0:13:17]} 12. Rfe1
{[%clk 0:12:11]} Qc7 {[%clk 0:12:14]} 13. a4 {[%clk 0:11:28]} Nc6
{[%clk 0:11:29]} 14. d5 {[%clk 0:10:37]} Nb4 {[%clk 0:10:54]} 15. Qb3
{[%clk 0:10:16]} e5 {[%clk 0:09:47]} 16. g4 {[%clk 0:06:22]} Bc8 {[%clk 0:08:22]}
17. Bf1 {[%clk 0:06:14]} h5 {[%clk 0:05:33]} 18. g5 {[%clk 0:06:09]} h4
{[%clk 0:05:31]} 19. Bg2 {[%clk 0:06:06]} f5 {[%clk 0:02:37]} 20. gxf6
{[%clk 0:05:18]} Nxf6 {[%clk 0:02:40]} 21. Bg5 {[%clk 0:04:12]} Nh5
{[%clk 0:01:49]} 22. Nxh4 {[%clk 0:03:42]} Qf7 {[%clk 0:01:46]} 23. Rf1
{[%clk 0:03:01]} Nf4 {[%clk 0:01:41]} 24. Qf3 {[%clk 0:02:44]} Nc2
{[%clk 0:01:33]} 25. Bxf4 {[%clk 0:02:17]} Nd4 {[%clk 0:01:18]} 26. Qd1
{[%clk 0:02:17]} exf4 {[%clk 0:01:13]} 27. Ndf3 {[%clk 0:02:13]} g5
{[%clk 0:00:41]} 28. Nf5 {[%clk 0:01:54]} Nxf5 {[%clk 0:00:33]} 29. exf5
{[%clk 0:01:58]} Qxf5 {[%clk 0:00:29]} 30. Re1+ {[%clk 0:01:41]} Kd8
{[%clk 0:00:33]} 31. Qe2 {[%clk 0:01:15]} Ra7 {[%clk 0:00:37]} 32. Nh2
{[%clk 0:01:11]} Be5 {[%clk 0:00:34]} 33. Ng4 {[%clk 0:01:13]} Re7
{[%clk 0:00:35]} 34. Qf3 {[%clk 0:01:06]} Rh4 {[%clk 0:00:34]} 35. Rab1
{[%clk 0:01:02]} a5 {[%clk 0:00:37]} 36. Re2 {[%clk 0:01:04]} Qxb1+
{[%clk 0:00:40]} 37. Kh2 {[%clk 0:01:07]} Qf5 {[%clk 0:00:42]} 38. Qb3
{[%clk 0:01:02]} Kc7 {[%clk 0:00:43]} 39. Qb5 {[%clk 0:01:07]} Bb7
{[%clk 0:00:41]} 40. Be4 {[%clk 0:01:02]} Qxg4 {[%clk 0:00:44]} 0-1

[Event "SenorDM i hurtigskak"]
[Site "?"]
[Date "2014.09.03"]
[Round "6.1"]
[White "Friis, Carsten Bank"]
[Black "Nielsen, Jens Ove Fries"]
[Result "0-1"]
[LiveChessVersion "1.4.2"]
[BlackElo "2418"]
[WhiteElo "2224"]

1. d4 {[%clk 0:20:08]} Nf6 {[%clk 0:19:56]} 2. Nf3 {[%clk 0:19:55]} d6
{[%clk 0:20:00]} 3. e3 {[%clk 0:19:31]} Nbd7 {[%clk 0:19:57]} 4. b3
{[%clk 0:19:33]} a5 {[%clk 0:19:54]} 5. a4 {[%clk 0:19:13]} b6 {[%clk 0:19:56]}
6. Bb2 {[%clk 0:19:15]} Bb7 {[%clk 0:19:57]} 7. Nbd2 {[%clk 0:19:09]} e6
{[%clk 0:19:53]} 8. Nc4 {[%clk 0:19:03]} Be7 {[%clk 0:19:56]} 9. Bd3
{[%clk 0:18:53]} O-O {[%clk 0:19:58]} 10. O-O {[%clk 0:18:55]} Nd5
{[%clk 0:19:43]} 11. Qd2 {[%clk 0:18:38]} f5 {[%clk 0:19:30]} 12. Rfe1
{[%clk 0:18:28]} Nb4 {[%clk 0:19:13]} 13. Bf1 {[%clk 0:17:00]} Rf6
{[%clk 0:19:08]} 14. c3 {[%clk 0:15:30]} Nd5 {[%clk 0:18:46]} 15. Qc2
{[%clk 0:14:13]} Rg6 {[%clk 0:18:38]} 16. Nfd2 {[%clk 0:13:43]} N5f6
{[%clk 0:18:23]} 17. f3 {[%clk 0:13:39]} Rh6 {[%clk 0:18:11]} 18. e4
{[%clk 0:13:14]} fxe4 {[%clk 0:17:45]} 19. fxe4 {[%clk 0:13:06]} Qe8
{[%clk 0:17:31]} 20. Bd3 {[%clk 0:11:58]} Qh5 {[%clk 0:17:22]} 21. Nf1
{[%clk 0:11:36]} d5 {[%clk 0:16:35]} 22. exd5 {[%clk 0:11:07]} Nxd5
{[%clk 0:16:24]} 23. Ne5 {[%clk 0:09:32]} Bd6 {[%clk 0:15:28]} 24. Bc1
{[%clk 0:07:22]} Nxe5 {[%clk 0:14:51]} 25. dxe5 Bc5+ 26. Kh1 {[%clk 0:05:39]} g5
{[%clk 0:14:39]} 27. Be4 {[%clk 0:03:23]} Rf8 {[%clk 0:14:38]} 28. h3
{[%clk 0:02:47]} Rf2 {[%clk 0:14:33]} 29. Qd3 {[%clk 0:02:41]} Rf8
{[%clk 0:10:08]} 30. Qg3 {[%clk 0:01:49]} Bf2 {[%clk 0:07:23]} 31. Qxg5+
{[%clk 0:01:52]} Qxg5 32. Bxg5 Rh5 {[%clk 0:07:31]} 33. Bd2 {[%clk 0:01:23]} Bxe1
34. Rxe1 Rxe5 {[%clk 0:07:32]} 35. Ng3 {[%clk 0:01:23]} Rf2 {[%clk 0:07:19]} 36.
Bc1 {[%clk 0:00:34]} Nxc3 {[%clk 0:07:11]} 37. Bxh7+ {[%clk 0:00:37]} Kxh7 38.
Rxe5 Rxg2 {[%clk 0:07:18]} 39. Rh5+ {[%clk 0:00:41]} Kg6 {[%clk 0:07:16]} 40.
Rg5+ {[%clk 0:00:44]} Kf7 {[%clk 0:07:19]} 0-1